تاریخ بیت اللہ (Record no. 64987)
[ view plain ]
| 000 -LEADER | |
|---|---|
| fixed length control field | 00202nam a22000977a 4500 |
| 082 ## - DEWEY DECIMAL CLASSIFICATION NUMBER | |
| Classification number | 297.1221ص د ی |
| 100 ## - MAIN ENTRY--AUTHOR NAME | |
| Personal name | صدیقی |
| 245 ## - TITLE STATEMENT | |
| Title | تاریخ بیت اللہ |
| 300 ## - PHYSICAL DESCRIPTION | |
| Number of Pages | ۲۱۲ |
| 942 ## - ADDED ENTRY ELEMENTS (KOHA) | |
| Koha item type | Books |
No items available.